000 01589nam a2200361 a 4500
001 00127
003 DO-SdBNP
005 20180309104050.0
007 00127
008 160331b dr 2008 ||||| |||| 00| 0 spa d
020 _a9789945111965 (v. 5) Guía
040 _aBPMSU
_bspa
_cBPMSU
092 _a372.7
_bS237m 5to 2008
100 1 _aSantos, Altagracia
245 1 0 _aMatemáticas 5 :
_beducación básica /
_cAltagracia Santos ; dirección editorial Obdulia García de escobar ; editor Andrés Molina Maloon
260 _aSanto Domingo :
_bSantillana,
_c2008.
300 _axi, 183 p. :
_bil., retrs. ;
_c30 cm. +
_gCD-ROM
490 1 _aCoral
500 _aLa biblioteca posee el guía.
505 0 _gGuía --
_tDecenas de millón --
_tOperaciones aritméticas --
_tMúltiplos de divisores --
_tFracciones --
_tOperaciones con fracciones --
_tLos números decimales --
_tOperaciones con decimales --
_tRazones y proporciones --
_tConceptos de geometría --
_tTriángulos --
_tPerímetros y áreas--
_tMediciones --
_tRegistro de datos --
650 4 _aMATEMÁTICAS
_xENSEÑANZA ELEMENTAL
650 4 _aEDUCACIÓN PRIMARIA
_zREPÚBLICA DOMINICANA
650 4 _aMATEMÁTICAS
_xLIBROS DE TEXTOS
650 4 _aMATEMÁTICAS
_xESTUDIO Y EJERCICIOS
700 1 _aGarcía de Escobar, Obdulia,
_edir. ed.
700 1 _aMolina Maloon, Andrés,
_eed.
830 0 _aCoral
910 _aValidado. Control de calidad MFF
942 _2ddc
_cBK
945 _aRemanejado para la BNPHU / 2018 VM
956 _aVMATEO
_b10
_c20150706
_lBPMSU
_h00151
956 _aBTAVÁREZ
_b10
_c20160410
_lBPMSU
_h00127
999 _c9493
_d9493